| 000 | 00529nam a22001817a 4500 | ||
|---|---|---|---|
| 999 |
_c21422 _d21422 |
||
| 003 | BDDh-ASL | ||
| 005 | 20231015030007.0 | ||
| 008 | 210201s1974 ii ||||| |||| 00| 0 eng d | ||
| 040 | _cBDDh-ASL | ||
| 082 |
_a327.5405 _bHAI |
||
| 100 | 1 |
_93002 _aHarris, Nigel |
|
| 245 | 1 | 0 |
_aIndia-China: _bUnderdevelopment and Revolution / |
| 260 |
_aDelhi: _bVikas Publishing House Pvt. Ltd., _c1974. |
||
| 300 |
_a339 p.: _c22 cm. |
||
| 504 | _aInclude Index | ||
| 650 | 0 |
_92973 _aInternatioal Relation _zIndia _zChina |
|
| 942 |
_2ddc _cBK |
||